Score 0/15 Timer 05:00
5 Plays Today
% Correct
Morgan Freeman
96.9%
Forest Whitaker
92.4%
Chadwick Boseman
92.3%
Johnny Depp
89.9%
Russell Crowe
89.7%
Benedict Cumberbatch
89.6%
Will Smith
87.6%
Robert Downey Jr.
82.8%
% Correct
Ben Affleck
81%
Idris Elba
80.7%
Chris Hemsworth
80.5%
Keanu Reeves
80%
Sean Penn
79.1%
Nicolas Cage
78.3%
Jason Statham
75.9%
Remove Ads.
Support Sporcle.
Get the best of Sporcle when you Go Orange. This ad-free experience offers more features, more stats, and more fun while also helping to support Sporcle. Thank you for becoming a member.

You're not logged in!

Compare scores with friends on all Sporcle quizzes.
OR
Log In

Sporcle TV

Today on Sporcle TV


Watch our educational content, quiz creation guides, and fun videos on Sporcle TV.

Show Comments

Extras

Top Quizzes Today


Score Distribution

Paid Content

Your Account Isn't Verified!

In order to create a playlist on Sporcle, you need to verify the email address you used during registration. Go to your Sporcle Settings to finish the process.

Report this User

Report this user for behavior that violates our Community Guidelines.

Details: